000 00573nam a2200169 a 4500
005 20260112063302.0
039 _a202110011446
_bstaff
_c202110011446
_d staff
_c201302061345
_d staff
_c201010160019
_d staff
_y 201010060313
_z staff
082 _a346.02
_bBAN [ Shelf 76]
100 _aBangia, R.K.
245 _aLaw of Contract - II /
_cBangia, R.K.
260 _aFaridabad :
_bAllahabad Law Agency ,
_c2007
300 _axliv,484p.
_c21cm
650 _aContract Law
_z India
991 _aVIRTUA40
991 _aVTLSSORT0080*0820*1000*2450*2600*3000*6500*9992
909 _a3658
999 _c3237
_d3237